Weihnachtsfilme erkennen - Statistiken

Allgemein
  • Dieses Quiz wurde 239 mal gespielt
  • Das Durchschnittsergebnis liegt bei 7 aus 16
Antwortstatistiken
Bildquiz Antwort % Korrekt
Kevin allein Zuhaus
98%
Der Grinch
95%
Die Eiskönigin
94%
Kevin allein in NY
94%
Der Polarexpress
77%
Charlie und die Schokoladenfabrik
73%
Drei Haselnüsse für Aschenbrödel
62%
Buddy - Weihnachtself
22%
Schöne Bescherung
16%
Klaus
14%
Das Wunder von Manhatten
13%
Die Muppets Weihnachtsgeschichte
12%
Die Geister die ich rief
11%
Ist das Leben nicht schön
11%
Holidate
9%
Immer wieder Weihnachten
1%
Keine übereinstimmenden Quizze gefunden
Verteilung der Resultate
Anzahl Personen mit jedem Resultat
Perzentil nach korrekt beantworteten Fragen
Ihre Resultats-Entwicklung
Sie haben dieses Quiz noch nicht gespielt